[Event "Open International de Martinique 2014"]
[Site "Schoelcher"]
[Date "2014.04.12"]
[Round "1.4"]
[White "Christophe-Hayot, Romain"]
[Black "Cornette, Matthieu"]
[Result "0-1"]
[WhiteElo "1824"]
[BlackElo "2538"]
[PlyCount "69"]
[EventDate "2014.??.??"]

1. Nf3 Nf6 2. b3 g6 3. e3 Bg7 4. Bb2 d6 5. Bxf6 Bxf6 6. d4 O-O 7. Be2 Nd7 8.
Nbd2 e5 9. dxe5 dxe5 10. Ne4 Bg7 11. O-O Qe7 12. c3 f5 13. Bc4+ Kh8 14. Ned2 e4
15. Nd4 Ne5 16. Rc1 a6 17. b4 Bd7 18. Re1 a5 19. a3 b6 20. f4 exf3 21. N4xf3
axb4 22. axb4 Bc6 23. Nxe5 Bxe5 24. Nf3 Bxf3 25. Qxf3 Qh4 26. Bd5 Bxh2+ 27. Kf1
Rad8 28. Ke2 g5 29. Bb3 Be5 30. Rh1 Qe4 31. Qh3 Qh4 32. Rhd1 Rxd1 33. Rxd1 Bxc3
34. Qf3 f4 35. exf4 0-1

[Event "Open International de Martinique 2014"]
[Site "Schoelcher"]
[Date "2014.04.12"]
[Round "1.5"]
[White "Talla, Vladimir"]
[Black "Chancerel, Dominique"]
[Result "1-0"]
[WhiteElo "2391"]
[BlackElo "1819"]
[PlyCount "63"]
[EventDate "2014.??.??"]

1. d4 Nf6 2. c4 e6 3. Nc3 Bb4 4. e3 O-O 5. Nge2 d5 6. a3 Be7 7. cxd5 exd5 8.
Nf4 c6 9. Be2 Re8 10. O-O Bd6 11. Qc2 Nbd7 12. Bd3 Qc7 13. h3 Nf8 14. Nfe2 Qe7
15. b4 Bd7 16. f3 Nh5 17. Bd2 Ng6 18. e4 Rac8 19. e5 Bc7 20. f4 Bb6 21. Na4 Ng3
22. Nxg3 Bxd4+ 23. Kh2 Bxa1 24. Rxa1 c5 25. bxc5 Bxa4 26. Qxa4 Qxc5 27. Nf5
Rcd8 28. Rc1 Qf2 29. Be3 Qb2 30. Rc2 Qa1 31. Rc7 Rxe5 32. Bd4 1-0

[Event "Open International de Martinique 2014"]
[Site "Schoelcher"]
[Date "2014.04.12"]
[Round "1.6"]
[White "Labarthe, Arnaud"]
[Black "Daulyte, Deimante"]
[Result "0-1"]
[WhiteElo "1813"]
[BlackElo "2388"]
[PlyCount "60"]
[EventDate "2014.??.??"]

1. d4 Nf6 2. Nc3 d5 3. Bg5 Nbd7 4. e3 g6 5. f4 Bg7 6. Bd3 O-O 7. Nf3 c5 8. O-O
b6 9. Qe1 Re8 10. Bb5 Bb7 11. Ne5 Rf8 12. Qh4 Nb8 13. Bh6 a6 14. Be2 cxd4 15.
exd4 Ne4 16. Bxg7 Kxg7 17. f5 Nc6 18. fxg6 hxg6 19. Nxf7 Rxf7 20. Rxf7+ Kxf7
21. Qh7+ Ke6 22. Nxe4 dxe4 23. d5+ Qxd5 24. Qxg6+ Kd7 25. Rd1 Nd4 26. Bg4+ Kc7
27. Qg7 e3 28. Qxe7+ Kb8 29. Qf8+ Ka7 30. Qf1 Rf8 0-1

[Event "Open International de Martinique 2014"]
[Site "Schoelcher"]
[Date "2014.04.12"]
[Round "1.7"]
[White "Jerez Perez, Alfonso"]
[Black "Garet, Francois"]
[Result "1-0"]
[WhiteElo "2370"]
[BlackElo "1812"]
[PlyCount "49"]
[EventDate "2014.??.??"]

1. e4 e6 2. d4 d5 3. Nc3 dxe4 4. Nxe4 Nd7 5. Nf3 Ngf6 6. Bg5 Be7 7. Nxf6+ Nxf6
8. Bd3 Nd5 9. h4 h6 10. Bd2 O-O 11. Qe2 c5 12. dxc5 Bxc5 13. O-O-O Qc7 14. Ne5
Bd6 15. f4 Bb4 16. Kb1 Bxd2 17. Qxd2 b6 18. g4 Bb7 19. Rhf1 Qc5 20. Nd7 Qc7 21.
Nxf8 Rxf8 22. g5 hxg5 23. hxg5 g6 24. Qh2 Ne3 25. Rh1 1-0

[Event "Open International de Martinique 2014"]
[Site "Schoelcher"]
[Date "2014.04.12"]
[Round "1.8"]
[White "Gauthier, Laurent"]
[Black "Shirazi, Kamran"]
[Result "0-1"]
[WhiteElo "1793"]
[BlackElo "2366"]
[PlyCount "114"]
[EventDate "2014.??.??"]

1. e4 c5 2. Nf3 e6 3. d4 cxd4 4. Nxd4 Nf6 5. Bd3 a6 6. O-O Qc7 7. Bg5 Bd6 8. h3
h6 9. Be3 Bh2+ 10. Kh1 Bf4 11. Bxf4 Qxf4 12. Qf3 Qe5 13. c3 b5 14. Nd2 Bb7 15.
a4 d5 16. Rfe1 b4 17. exd5 Qxd5 18. Qxd5 Nxd5 19. c4 Nf4 20. Be4 Bxe4 21. Nxe4
Nd3 22. Re2 Nd7 23. Nf5 Kf8 24. Nd4 N7c5 25. Nxc5 Nxc5 26. Re3 Rc8 27. b3 g6
28. Rae1 Ke7 29. f4 Rhd8 30. Nf3 Rd3 31. Ne5 Rd4 32. g3 Rd2 33. Nf3 Rb2 34. Nd4
Kf6 35. R1e2 Rxe2 36. Rxe2 Rd8 37. Re5 Nxa4 38. Nc6 Rd1+ 39. Kg2 Rd2+ 40. Kf3
Rd3+ 41. Re3 Rxe3+ 42. Kxe3 Nc5 43. Nxb4 a5 44. Nc6 Nxb3 45. Kd3 Nc5+ 46. Kd4
Nb7 47. c5 a4 48. Kc4 a3 49. Nb4 e5 50. c6 Na5+ 51. Kd5 Nxc6 52. Kxc6 exf4 53.
gxf4 Kf5 54. Kd7 Kxf4 55. Ke7 f5 56. Kf6 Kg3 57. Kxg6 f4 0-1

[Event "Open International de Martinique 2014"]
[Site "Schoelcher"]
[Date "2014.04.12"]
[Round "1.9"]
[White "Harper, Ryan"]
[Black "Cepisul, Desire"]
[Result "1-0"]
[WhiteElo "2293"]
[BlackElo "1770"]
[PlyCount "41"]
[EventDate "2014.??.??"]

1. e4 c5 2. Nf3 a6 3. Nc3 e6 4. d4 cxd4 5. Nxd4 Bb4 6. Bd3 Qc7 7. O-O Ne7 8.
Kh1 Nbc6 9. Nxc6 Nxc6 10. Qg4 Bd6 11. Qxg7 Be5 12. Qh6 b5 13. f4 Bd4 14. e5 Bb7
15. Ne4 Nxe5 16. fxe5 Bxe5 17. Bg5 Qc6 18. Rxf7 Kxf7 19. Rf1+ Kg8 20. Bf6 Bxf6
21. Qxf6 1-0

[Event "Open International de Martinique 2014"]
[Site "Schoelcher"]
[Date "2014.04.12"]
[Round "1.1"]
[White "Bauer, Christian"]
[Black "Nardol, Fred"]
[Result "1-0"]
[WhiteElo "2623"]
[BlackElo "1845"]
[PlyCount "61"]
[EventDate "2014.??.??"]

1. d4 d5 2. e4 dxe4 3. Nc3 Nf6 4. f3 e3 5. Bxe3 Bf5 6. Nge2 e6 7. g4 Bg6 8. h4
h6 9. Nf4 Bh7 10. g5 Nd5 11. Ncxd5 exd5 12. Qe2 Bf5 13. gxh6 Rxh6 14. Nxd5 Re6
15. Nf4 Re7 16. O-O-O Qd6 17. Qb5+ Nd7 18. Bd2 g6 19. h5 Bg7 20. c3 c6 21. Qxb7
Rb8 22. Qa6 Bxd4 23. cxd4 Qxd4 24. Qa3 Re5 25. Nd3 Reb5 26. Re1+ Kd8 27. Bc3
Qd5 28. Nf4 Qc5 29. Bxb5 Qxb5 30. hxg6 fxg6 31. Qxa7 1-0

[Event "Open International de Martinique 2014"]
[Site "Schoelcher"]
[Date "2014.04.12"]
[Round "1.3"]
[White "Pelletier, Yannick"]
[Black "Marbot, Raymond"]
[Result "1-0"]
[WhiteElo "2575"]
[BlackElo "1827"]
[PlyCount "43"]
[EventDate "2014.??.??"]

1. d4 Nf6 2. Nc3 e6 3. e4 d6 4. Be3 Be7 5. f3 O-O 6. Nge2 Nbd7 7. g4 c5 8. g5
Nh5 9. Qd2 cxd4 10. Nxd4 Ne5 11. O-O-O a6 12. Rg1 g6 13. h4 Bd7 14. f4 Nc6 15.
Be2 Ng7 16. h5 gxh5 17. Nxc6 Bxc6 18. Rh1 d5 19. Bxh5 Bb4 20. a3 Bxc3 21. Qxc3
Rc8 22. Rd2 1-0

[Event "Open International de Martinique 2014"]
[Site "Schoelcher"]
[Date "2014.04.12"]
[Round "1.2"]
[White "Lafortune, Emerick"]
[Black "Rausis, Igors"]
[Result "0-1"]
[WhiteElo "1827"]
[BlackElo "2578"]
[PlyCount "56"]
[EventDate "2014.??.??"]

1. Nf3 d5 2. d4 Bf5 3. c4 e6 4. Nc3 c6 5. g3 Nd7 6. Bg2 Ngf6 7. h3 Bd6 8. Nh4
Be4 9. c5 Bxg2 10. Nxg2 Bc7 11. Bf4 O-O 12. O-O e5 13. dxe5 Nxe5 14. Qd4 Re8
15. Rad1 b6 16. b4 Nfd7 17. Ne1 Qe7 18. Nd3 f6 19. Kg2 Nf8 20. Na4 Ne6 21. Qc3
Nxd3 22. Bxc7 Nxf2 23. Rxf2 Qxc7 24. Nb2 bxc5 25. bxc5 Ng5 26. Qd4 Re4 27. Qd2
Rae8 28. Nd3 Re3 0-1

[Event "Open International de Martinique 2014"]
[Site "Schoelcher"]
[Date "2014.04.12"]
[Round "3.2"]
[White "Harper, Ryan"]
[Black "Rausis, Igors"]
[Result "0-1"]
[WhiteElo "2293"]
[BlackElo "2578"]
[PlyCount "108"]
[EventDate "2014.??.??"]

1. e4 e5 2. Nf3 Nc6 3. Bc4 Nf6 4. d3 h6 5. c3 d6 6. Bb3 g6 7. Nbd2 Bg7 8. Nf1
O-O 9. h3 d5 10. Qe2 Be6 11. Bc2 Qd6 12. Bd2 Nh5 13. g3 Rfd8 14. Ne3 Nf6 15.
Ng2 b5 16. g4 dxe4 17. dxe4 Bc4 18. Qe3 a5 19. g5 hxg5 20. Nxg5 a4 21. Rd1 Bxa2
22. O-O Qe7 23. f4 Bc4 24. Rf2 exf4 25. Nxf4 Ne5 26. Qg3 Rd6 27. Be3 Rxd1+ 28.
Bxd1 Rd8 29. Bc2 c6 30. Bd4 Nfg4 31. Nxf7 Bxf7 32. hxg4 c5 33. Be3 Nc4 34. Bc1
Qe5 35. Qf3 Qd6 36. Nd3 Be6 37. Qg2 Rf8 38. Rxf8+ Bxf8 39. Bf4 Qd7 40. Nf2 Nxb2
41. e5 Qf7 42. Bc1 a3 43. Ne4 Be7 44. Nf6+ Bxf6 45. exf6 Bd5 46. Qf2 Qd7 47.
Qf4 Bf7 48. Qg5 Qe8 49. Qh6 Qe1+ 50. Kh2 Qf2+ 51. Kh3 Qxf6 52. Qe3 Nc4 53. Qxc5
Qf1+ 54. Kh4 Qxc1 0-1

[Event "Open International de Martinique 2014"]
[Site "Schoelcher"]
[Date "2014.04.12"]
[Round "3.4"]
[White "Llaneza Vega, Patricia"]
[Black "Cornette, Matthieu"]
[Result "0-1"]
[WhiteElo "2216"]
[BlackElo "2538"]
[PlyCount "78"]
[EventDate "2014.??.??"]

1. e4 d5 2. exd5 Qxd5 3. Nc3 Qa5 4. d4 Nf6 5. Nf3 Bf5 6. Bc4 e6 7. Bd2 c6 8.
Qe2 Bb4 9. O-O Nbd7 10. a3 Bxc3 11. Bxc3 Qc7 12. Ne5 O-O 13. Rfe1 Rad8 14. Rad1
Rfe8 15. Bd3 Nd5 16. Bd2 Bxd3 17. Qxd3 c5 18. Qf3 Nxe5 19. dxe5 h6 20. Qg4 Kf8
21. c4 Ne7 22. Bc3 Nf5 23. Qe4 h5 24. h3 h4 25. b4 Kg8 26. b5 Rd7 27. Rxd7 Qxd7
28. Re2 Qd1+ 29. Re1 Qb3 30. Bd2 Rd8 31. Bg5 Rd7 32. Be3 Qxa3 33. Kh2 Kh7 34.
Qc2 b6 35. Qe4 Qd3 36. Qc6 Ne7 37. Qf3 Ng6 38. Qh5+ Kg8 39. Rc1 Qe4 0-1

[Event "Open International de Martinique 2014"]
[Site "Schoelcher"]
[Date "2014.04.12"]
[Round "3.5"]
[White "Talla, Vladimir"]
[Black "Lebredo Zaragoitia, Gerardo"]
[Result "1-0"]
[WhiteElo "2391"]
[BlackElo "2220"]
[PlyCount "113"]
[EventDate "2014.??.??"]

1. d4 Nf6 2. c4 e6 3. Nc3 Bb4 4. e3 O-O 5. Nge2 d5 6. a3 Be7 7. cxd5 exd5 8.
Nf4 Re8 9. Bd3 Bd6 10. O-O Bxf4 11. exf4 Nc6 12. Bc2 Ne7 13. f3 h5 14. Re1 Bf5
15. Bxf5 Nxf5 16. Re5 Qd7 17. Qd3 g6 18. Bd2 c6 19. Kh1 h4 20. Kg1 Nh5 21. Kf2
f6 22. Re2 Qc7 23. Rxe8+ Rxe8 24. Ne2 c5 25. Qb5 Re6 26. Qxc5 Qd7 27. Rc1 b6
28. Qc8+ Qxc8 29. Rxc8+ Kf7 30. Bb4 a5 31. Rc7+ Ke8 32. Bd2 Re7 33. Rc8+ Kf7
34. a4 Nd6 35. Rc6 Nc4 36. Bc1 Re6 37. Rc7+ Re7 38. Rxe7+ Kxe7 39. f5 gxf5 40.
b3 Nd6 41. Ke3 Ke6 42. Ba3 Nf7 43. Bf8 Nd8 44. Bh6 Nc6 45. Nf4+ Nxf4 46. Bxf4
Kd7 47. h3 Nb4 48. Kd2 Nc6 49. Kd3 Nb4+ 50. Kc3 Nc6 51. g3 hxg3 52. Bxg3 Ne7
53. h4 Ng6 54. h5 Nf8 55. h6 Kc6 56. Kd3 b5 57. Kc3 1-0

[Event "Open International de Martinique 2014"]
[Site "Schoelcher"]
[Date "2014.04.12"]
[Round "3.6"]
[White "Fares, Leo"]
[Black "Daulyte, Deimante"]
[Result "0-1"]
[WhiteElo "1489"]
[BlackElo "2388"]
[PlyCount "36"]
[EventDate "2014.??.??"]

1. b3 e5 2. Bb2 Nc6 3. e3 Nf6 4. Bb5 Bd6 5. Ne2 Ne7 6. f4 Ng6 7. f5 Ne7 8. Ng3
c6 9. Be2 Bc7 10. O-O d5 11. d3 Qd6 12. e4 h5 13. Bxh5 dxe4 14. Be2 exd3 15.
Qxd3 Qc5+ 16. Kh1 e4 17. Qc3 Qxc3 18. Nxc3 Bxg3 0-1

[Event "Open International de Martinique 2014"]
[Site "Schoelcher"]
[Date "2014.04.12"]
[Round "3.7"]
[White "Evers, Shaman"]
[Black "Tin, Romain"]
[Result "1-0"]
[WhiteElo "1450"]
[BlackElo "1438"]
[PlyCount "85"]
[EventDate "2014.??.??"]

1. e4 c6 2. d4 d5 3. exd5 cxd5 4. Nc3 Bf5 5. Qf3 e6 6. Bd3 Bxd3 7. Qxd3 g6 8.
Bf4 Nc6 9. Qb5 Qd7 10. Nf3 f6 11. O-O-O O-O-O 12. Rhe1 Bh6 13. Bxh6 Nxh6 14. h3
Nf7 15. Re3 Rhe8 16. Rde1 Re7 17. Na4 Nd6 18. Qe2 Nxd4 19. Nxd4 e5 20. Nc5 Qc7
21. Nde6 Qa5 22. Ra3 Qb6 23. Nxd8 Qxc5 24. Rc3 Nc4 25. b3 Kxd8 26. bxc4 d4 27.
Rd1 Kc7 28. Rb3 Qa5 29. Kb2 Re6 30. Rxd4 Ra6 31. Rh4 Qxa2+ 32. Kc3 Qa1+ 33. Kd2
Qa5+ 34. Kc1 Qa1+ 35. Rb1 Qa3+ 36. Kd1 Rd6+ 37. Ke1 Qc3+ 38. Kf1 Rd2 39. Qf3
Qxc2 40. Rxb7+ Kd6 41. Qxf6+ Kc5 42. Qxe5+ Rd5 43. Qxd5# 1-0

[Event "Open International de Martinique 2014"]
[Site "Schoelcher"]
[Date "2014.04.12"]
[Round "3.8"]
[White "Prudent, Sylvio"]
[Black "Farley, Terry"]
[Result "0-1"]
[WhiteElo "1428"]
[BlackElo "2213"]
[PlyCount "56"]
[EventDate "2014.??.??"]

1. e4 c5 2. Nf3 d6 3. d4 cxd4 4. Nxd4 Nf6 5. Nc3 a6 6. Bg5 e6 7. Bd3 Be7 8. f4
h6 9. Bh4 Qb6 10. Nb3 Nxe4 11. Nxe4 Bxh4+ 12. g3 Be7 13. Qe2 Bd7 14. O-O-O Nc6
15. a3 O-O-O 16. Nc3 Kb8 17. Na4 Qc7 18. Nc3 Rc8 19. Kb1 d5 20. Qf2 Na5 21. Rc1
Bxa3 22. Nxd5 exd5 23. Nxa5 Bxb2 24. Kxb2 Qc3+ 25. Kb1 Qxa5 26. Qd4 Rc3 27.
Rce1 Rhc8 28. Kc1 Qa1+ 0-1

[Event "Open International de Martinique 2014"]
[Site "Schoelcher"]
[Date "2014.04.12"]
[Round "3.9"]
[White "Warner, Delisle"]
[Black "Viator, Lucien"]
[Result "1-0"]
[WhiteElo "2192"]
[BlackElo "1499"]
[PlyCount "61"]
[EventDate "2014.??.??"]

1. d4 d5 2. c4 e6 3. Nc3 Nf6 4. cxd5 exd5 5. Bg5 Be7 6. e3 O-O 7. Bd3 h6 8. Bf4
c6 9. Nge2 Bg4 10. f3 Bh5 11. Qc2 Qe8 12. O-O Nbd7 13. e4 dxe4 14. fxe4 Rc8 15.
h3 a6 16. Qb3 b5 17. e5 Nd5 18. Nxd5 cxd5 19. Qxd5 Kh8 20. Rac1 Bxe2 21. Bxe2
Kh7 22. Rxc8 Qxc8 23. Bg4 f5 24. Bf3 g5 25. Rc1 Qe8 26. Rc7 Nb6 27. Qe6 Nc8 28.
Rxc8 Qxc8 29. Qxe7+ Kg8 30. Bd2 Qc2 31. Bd5+ 1-0

[Event "Open International de Martinique 2014"]
[Site "Schoelcher"]
[Date "2014.04.12"]
[Round "3.10"]
[White "Huyghues-Beaufond, Nathalie"]
[Black "Midonet, Matthieu"]
[Result "0-1"]
[WhiteElo "1499"]
[BlackElo "2168"]
[PlyCount "60"]
[EventDate "2014.??.??"]

1. e4 c5 2. d3 Nc6 3. Nf3 g6 4. Nc3 Bg7 5. Nd5 e6 6. Nf4 Nge7 7. Be2 d5 8. Nh4
O-O 9. O-O g5 10. Nf3 gxf4 11. Bxf4 dxe4 12. Ng5 Bxb2 13. Rb1 Nd5 14. Rxb2 Nxf4
15. Nxe4 f5 16. Nxc5 Qd4 17. Nxe6 Bxe6 18. h4 Qxb2 19. Qd2 Qe5 20. Bf3 Nd4 21.
Bxb7 Bd5 22. Bxd5+ Qxd5 23. Qxf4 Ne2+ 24. Kh2 Nxf4 25. Kg3 Qxg2+ 26. Kxf4 Qg4+
27. Ke5 Rfe8+ 28. Kd5 Rad8+ 29. Kc5 Qd4+ 30. Kc6 Qb6# 0-1

[Event "Open International de Martinique 2014"]
[Site "Schoelcher"]
[Date "2014.04.12"]
[Round "3.11"]
[White "Verneuil, Pascal"]
[Black "Parfait, Emmanuel"]
[Result "1-0"]
[WhiteElo "2073"]
[BlackElo "1474"]
[PlyCount "119"]
[EventDate "2014.??.??"]

1. e4 e5 2. Nf3 Nc6 3. Bc4 Nf6 4. Ng5 d5 5. exd5 Nxd5 6. Qf3 Qxg5 7. Bxd5 Qg6
8. c3 Bf5 9. d3 Bxd3 10. Bxf7+ Qxf7 11. Qxd3 Bc5 12. O-O O-O 13. Be3 e4 14. Qe2
Bb6 15. Nd2 Bxe3 16. Qxe3 Rae8 17. Nxe4 Qc4 18. f3 Ne5 19. b3 Qd3 20. Qxd3 Nxd3
21. Rad1 Ne5 22. Rd5 b6 23. Rfd1 h6 24. c4 Re7 25. h3 Ree8 26. Ng3 Re7 27. Kf2
Kh7 28. Re1 Rfe8 29. Re4 Nc6 30. Rxe7 Rxe7 31. Ne4 Re5 32. Nc3 Re7 33. Rd2 Nb4
34. a3 Nc6 35. Nd5 Rf7 36. Rd3 Ne5 37. Re3 Nc6 38. Re4 Nb8 39. b4 c6 40. Re7
Rxe7 41. Nxe7 c5 42. b5 g5 43. Ke3 Kg7 44. g3 a5 45. bxa6 Nxa6 46. Nd5 Nb8 47.
Nxb6 Nc6 48. Nd7 Nd4 49. a4 Nb3 50. f4 Kg6 51. g4 gxf4+ 52. Kxf4 Kg7 53. h4 Kf7
54. g5 Kg6 55. gxh6 Kxh6 56. Kg4 Kg6 57. Ne5+ Kf6 58. Nc6 Nd4 59. Nxd4 cxd4 60.
Kf4 1-0

[Event "Open International de Martinique 2014"]
[Site "Schoelcher"]
[Date "2014.04.12"]
[Round "3.12"]
[White "Qurnier, Regis"]
[Black "Suez-Panama, Gilles"]
[Result "0-1"]
[WhiteElo "1400"]
[BlackElo "2066"]
[PlyCount "88"]
[EventDate "2014.??.??"]

1. e4 e6 2. d4 d5 3. e5 c5 4. c3 Nc6 5. Nf3 Nge7 6. Bg5 Qb6 7. b3 cxd4 8. cxd4
Nf5 9. Nc3 Bb4 10. Rc1 Ncxd4 11. Nxd4 Qxd4 12. Qxd4 Nxd4 13. Bd3 Nc6 14. O-O
Nxe5 15. Bb5+ Bd7 16. f4 Nc6 17. Rf2 Bc5 18. Re1 O-O 19. Ref1 a6 20. Bd3 Nb4
21. Bb1 Rac8 22. Ne2 Bb5 23. Kh1 Bxf2 24. Rxf2 Bxe2 25. f5 f6 26. Bd2 Bd3 27.
Bxd3 Nxd3 28. Rf3 Ne5 29. Rf1 Rc2 30. Bb4 Re8 31. h3 Nd3 32. Bd6 e5 33. a4 e4
34. Bg3 e3 35. Rf3 Rc1+ 36. Kh2 d4 37. h4 h5 38. a5 Rd8 39. Bf4 Nxf4 40. Rxf4
d3 41. Re4 e2 42. Re3 Rh1+ 43. Kxh1 d2 44. Rxe2 d1=Q+ 0-1

[Event "Open International de Martinique 2014"]
[Site "Schoelcher"]
[Date "2014.04.12"]
[Round "3.13"]
[White "Husbands, Orlando"]
[Black "Joachim, Rodny"]
[Result "1-0"]
[WhiteElo "2042"]
[BlackElo "1427"]
[PlyCount "47"]
[EventDate "2014.??.??"]

1. e4 c5 2. Nf3 d6 3. d4 cxd4 4. Nxd4 Nf6 5. Nc3 a6 6. Bg5 e6 7. f4 Be7 8. Qf3
Qb6 9. O-O-O Nc6 10. Nb3 O-O 11. Bxf6 Bxf6 12. Rxd6 Rd8 13. Rxd8+ Qxd8 14. e5
Be7 15. Bd3 Qc7 16. h4 f6 17. Qe4 f5 18. Qf3 Nb4 19. g4 Nxd3+ 20. Qxd3 fxg4 21.
Rg1 Bxh4 22. Rxg4 Qe7 23. Qh3 g5 24. Qxh4 1-0

[Event "Open International de Martinique 2014"]
[Site "Schoelcher"]
[Date "2014.04.12"]
[Round "3.3"]
[White "Pelletier, Yannick"]
[Black "Shirazi, Kamran"]
[Result "1-0"]
[WhiteElo "2575"]
[BlackElo "2366"]
[PlyCount "55"]
[EventDate "2014.??.??"]

1. Nf3 d5 2. d4 a6 3. Bf4 f6 4. e3 g5 5. Bg3 h5 6. h4 g4 7. Nfd2 e5 8. dxe5 Nc6
9. exf6 Nxf6 10. Bd3 Bd6 11. O-O Ne5 12. Nc3 Be6 13. Nb3 Qe7 14. Nd4 O-O-O 15.
Bf5 Bd7 16. Bxd7+ Qxd7 17. Nde2 Qf7 18. b4 Nc4 19. b5 Ne4 20. bxa6 Bxg3 21.
fxg3 Qe6 22. axb7+ Kb8 23. Nd4 Qh6 24. Nxe4 dxe4 25. Qe1 Nxe3 26. Qa5 Kxb7 27.
Rab1+ Kc8 28. Rf7 1-0